US State Capitals - Statistics

General Stats
  • This quiz has been taken 12 times
  • The average score is 41 of 50
Answer Stats
Hint Answer % Correct
Gerogia Atlanta
100%
Hawaii Honolulu
100%
Indiana Indianapolis
100%
Califronia Sacramento
100%
Florida Tallahassee
100%
New York Albany
92%
Texas Austin
92%
Lousiana Baton Rouge
92%
Idaho Boise
92%
Colorado Denver
92%
Pennsylvania Harrisburg
92%
Alaska Juneau
92%
Arkansas Little Rock
92%
Oklahoma Oklahoma City
92%
Arizona Phoenix
92%
Virginia Richmond
92%
Maryland Annapolis
83%
Maine Augusta
83%
Massachusetts Boston
83%
Wyoming Cheyenne
83%
Iowa Des Moines
83%
Delaware Dover
83%
Nebraska Lincoln
83%
Alabama Montgomery
83%
Tennessee Nashville
83%
South Dakota Pierre
83%
Rhode Island Providence
83%
North Carolina Raleigh
83%
Oregon Salem
83%
Utah Salt Lake City
83%
New Mexico Santa Fe
83%
Illinois Springfield
83%
Nevada Carson City
75%
South Carolina Colombia
75%
Kentucky Frankfort
75%
Mississippi Jackson
75%
Michigan Lansing
75%
Vermont Montpelier
75%
Washington Olympia
75%
Minnesota St. Paul
75%
Kansas Topeka
75%
New Jersey Trenton
75%
North Dakota Bismark
67%
West Virginia Charleston
67%
Connecticut Hartford
67%
Ohio Colombus
58%
Montana Helena
58%
Wisconsin Madison
58%
New Hampshire Concord
50%
Missouri Jefferson City
50%
No matching quizzes found
Score Distribution
Percent of People with Each Score
Percentile by Number Answered
Your Score History
You have not taken this quiz